000 00297nam a2200121Ia 4500
008 220204s9999 xx 000 0 und d
082 _a330.101.8
_bSTO
100 _aHAQUE, D C
245 0 _aTextbook of economic theory
260 _aNew York
_bWiley
_c1964
700 _aSTONIER, A W
942 _cBK
999 _c21030
_d21030